000
00305nam a22001217a 4500
008
160429b xxu||||| |||| 00| 0 eng d
020
_a
9780721606279
020
_a
072160627
041
_a
eng
080
_a
618.2
245
_a
Practice of nursing research:
_c
Nancy Burns; Susana K. Grove;
942
_2
udc
_c
BK
999
_c
1691
_d
1691